| 000 | 00723nam a2200205 a 4500 | ||
|---|---|---|---|
| 005 | 20250627063841.0 | ||
| 008 | 081109s2000 mx r 000 0 spa d | ||
| 035 | _aUPN01000166168 | ||
| 049 | _aUNE | ||
| 080 | _a7.025 (100) =20 "2002" CUL. | ||
| 245 | 0 | 0 | _aCultural diversity: Common heritage, plural identities/ Coordination and revision Michele Garzon. |
| 260 | _aParis: UNESCO, 2002. | ||
| 300 | _a112 p.; 28 cm. il., map., retrs. | ||
| 500 | _aUNESCO Universal Declaration on Cultural Diversity Universal Declaration of Human Rights | ||
| 690 |
_aPatrimonio cultural _919284 |
||
| 690 |
_aPluralismo intercultural _91176 |
||
| 690 | _aExposiciones culturales | ||
| 690 | _aCultura de paz | ||
| 905 | _aUNESCO | ||
| 999 |
_c138280 _d138280 |
||